000 02137nam0a2200337 4500
001 RU\NLR\bibl\1275398
005 20260407190451.0
010 _a5-89982-187-6
_9150
021 _aRU
_b2008-57078
_93176
035 _a(NLR Aleph) 001261224
090 _a380381
_c380381
100 _a20080919d2007 |||y0rusy50 ca
101 0 _arus
102 _aRU
105 _ay |||||||||
200 1 _aОпытно-экспериментальная деятельность учреждений как фактор развития региональной системы образования
_eтезисы докладов II Областной научно-практической конференции, Омск, 30 марта 2007 г.
_f[ред. кол. Т.С. Горбунова, к.п.н. [и др.]
210 _aОмск
_cИРООО
_d2007
215 _a215, [1] c.
_d22
225 1 _aБиблиотека научно-практических конференций
300 _aВ надзаг.: М-во образования Омск. обл., Гос. образоват. учреждение Омск. обл. доп. проф. образования "Ин-т развития образования Омск. обл."
606 1 _aИнновации педагогические
_jТезисы докладов
_yОмская область
_92530413
_3RU\NLR\auth\661498837
606 1 _aОбразование
_jТезисы докладов
_xИнтеграция
_yОмская область
_92530419
_3RU\NLR\auth\661498839
686 _aЧ34(2Р-4Ом)я43
686 _aЧ312я43
702 1 _aГорбунова
_bТ. С.
_gТатьяна Станиславовна
_4340
711 1 2 _a"Опытно-экспериментальная деятельность как фактор развития региональной системы образования", областная научно-практическая конференция
_d2
_eОмск
_f2007
_9744262
_3RU\NLR\AUTH\8810123215
801 0 _aRU
_bNLR
_c20080919
_gRCR
801 1 _aRU
_bNLR
_c20080919
942 _cBOOK
980 _aNB